Movie Trivia: Movies About Movie-Making - Statistics

General Stats
  • This quiz has been taken 78 times
  • The average score is 6 of 14
Answer Stats
Actors who worked together on films about movie-making the names of the films indicated % Correct
William H. Macy, Don Cheadle, Heather Graham, Philip Seymour Hoffman, Julianne Moore, John C. Reilly, Mark Wahlberg, Burt Reynolds Boogie Nights
87%
Nick Nolte, Steve Coogan, Robert Downey Jr., Jay Baruchel, Jack Black, Danny McBride, Bill Hader, Matthew McConaughey, Ben Stiller, Tom Cruise, Tropic Thunder
65%
Sarah Jessica Parker, Johnny Depp, Patricia Arquette, Bill Murray, Martin Landau Ed Wood
59%
Channing Tatum, Ralph Fiennes, Frances McDormand, Josh Brolin, George Clooney, Scarlett Johansson Hail, Caesar!
43%
James Cromwell, John Goodman, Missi Pyle, Jean Dujardin, Penelope Ann Miller The Artist
40%
Cate Blanchett, John C. Reilly Kate Beckinsale, Leonardo DiCaprio, Alec Baldwin, Gwen Stefani, Alan Alda, Ian Holm, Willem Dafoe, Jude Law The Aviator
40%
Dennis Farina, James Gandolfini, John Travolta, Delroy Lindo, Danny DeVito, Gene Hackman Get Shorty
38%
Ben Kingsley, Emily Mortimer, Chloe Grace Moretz, Jude Law, Asa Butterfield, Sasha Baron Cohen Hugo
37%
Anthony Hopkins, Mila Jovovich, Robert Downey Jr., Dan Ackroyd, Marisa Tomei, Moira Kelly, Kevin Kline, Penelope Ann Miller Chaplin
31%
Alison Brie, James Franco, Ari Graynor, Zac Efron, Jackie Weaver, Seth Rogen, Megan Mullally, Dave Franco, Josh Hutcherson The Disaster Artist
28%
Paul Giamatti, Emma Thompson, Bradley Witford, Tom Hanks, Jason Schwartzman, Colin Farrell Saving Mr. Banks
25%
Willem Dafoe, Cate Blanchett, Bill Murray, Bud Cort, Jeff Goldblum, Owen Wilson, Anjelica Huston The Life Aquatic with Steve Zissou
25%
Peter Gallagher, Whoopi Goldberg, Tim Robbins, Greta Scacchi, Fred Ward, Gina Gershon, Lyle Lovett, Vincent D'Onofrio, Jeremy Piven The Player
21%
Mia Farrow, Danny Glover, Jack Black, Mos Def, Sigourney Weaver Be Kind Rewind
15%
No matching quizzes found
Score Distribution
Percent of People with Each Score
Percentile by Number Answered
Your Score History
You have not taken this quiz